Nessuna scuola mi consola /
Il mondo della scuola raccontato con ironia e lucidità da un'insegnante precaria.
Guardat en:
| Autor principal: | |
|---|---|
| Format: | Llibre |
| Idioma: | italià |
| Publicat: |
Torino :
Einaudi,
2021
|
| Col·lecció: | ET
|
| Etiquetes: |
Sense etiquetes, Sigues el primer a etiquetar aquest registre!
|
MARC
| LEADER | 00000nam a22000007i 4500 | ||
|---|---|---|---|
| 001 | IT\ICCU\BMT\0023591 | ||
| 003 | ItRI | ||
| 005 | 20260115232043.0 | ||
| 008 | 210413s2021 it |||||| ||||| |||||c | ||
| 020 | |a 9788806249649 | ||
| 040 | |b ita |c importazione bologna sebina | ||
| 041 | 7 | |a ita |2 ISO-639-2 | |
| 100 | 1 | |a Valerio, Chiara, |d (1978- ) |0 IT\ICCU\RMSV\421388 |4 aut | |
| 240 | 1 | 0 | |a Nessuna scuola mi consola |3 IT\ICCU\BMT\0023592 |9 Valerio, Chiara <1978- > |
| 245 | 1 | 0 | |a Nessuna scuola mi consola / |c Chiara Valerio ; con una nuova postfazione dell'autrice. |
| 260 | |a Torino : |b Einaudi, |c 2021 | ||
| 300 | |a 110 p. ; |c 21 cm | ||
| 520 | |a Il mondo della scuola raccontato con ironia e lucidità da un'insegnante precaria. | ||
| 830 | 0 | |a ET |0 IT\ICCU\CFI\0626608 | |
| 942 | |2 ddc |c BK |n 0 | ||
| 952 | |0 0 |1 0 |4 0 |6 L_853_920000000000000_VAL |7 0 |9 19228 |a BO |b BO |d 2026-01-15 |i 19802 |l 0 |o L 853.92 VAL |p BO19802 |r 2026-01-15 23:20:43 |w 2026-01-15 |x [Sebina 5] [1 v.] |y BK |z 1 v. | ||
| 999 | |c 16363 |d 16363 | ||